Parayso de la gloria de los sanctos, donde se trata de sus prerogativas, y excelencias / compuesto por el Padre Fray Diego de la Vega, lector de theologia, en el insigne Convento de San Juan de los Reyes de Toledo

Detalles Bibliográficos
Autor principal: Vega, Diego de la, O. F. M., fl. 1601
Formato: Libro
Lenguaje:Spanish
Publicado: Con privilegio. En Barcelona : por Bastian de Cormellas, impressor de libros, 1603.
Materias:
Colección:Banco de datos
Acervo:Universidad Autónoma Benito Juárez de Oaxaca. Biblioteca Francisco de Burgoa. Colección antigua
Descripción Física:[22] h., 296 p., 139 h. ; 4°
Tema general:Hagiografía
Notas:Portada tipográfica con grabado central xilográfico. Texto a dos columnas con paginación en números arábigos, apostillas marginales, cornisas, reclamos y signaturas. Incluye cabecera de título con motivos arabescos en grabado xilográfico. Incluye capitulares con motivos florales en grabado xilográfico. Encuadernación en pergamino. Marca de fuego: Casa del Noviciado de la Compañía de Jesús de Oaxaca, Oax. Marca de fuego: Convento de Santo Domingo de Oaxaca, Oax. Nota de expurgo: "en virtud de comission del Sto. officio vide este libro y lo halle expurgado segun el expurgatorio de 1707 a 19 de octubre de 1717. Fr. Leonardo Levanto". Daños por polilla. Daños en la encuadernación, tapas desprendidas
LEADER 01711nam a22001810004500
035 |a 2610 
041 0 |a spa 
100 1 |a Vega, Diego de la, O. F. M., fl. 1601 
245 1 0 |a Parayso de la gloria de los sanctos, donde se trata de sus prerogativas, y excelencias / compuesto por el Padre Fray Diego de la Vega, lector de theologia, en el insigne Convento de San Juan de los Reyes de Toledo 
260 |a Con privilegio. En Barcelona : por Bastian de Cormellas, impressor de libros, 1603. 
300 |a [22] h., 296 p., 139 h. ; 4° 
500 |a Portada tipográfica con grabado central xilográfico. Texto a dos columnas con paginación en números arábigos, apostillas marginales, cornisas, reclamos y signaturas. Incluye cabecera de título con motivos arabescos en grabado xilográfico. Incluye capitulares con motivos florales en grabado xilográfico. Encuadernación en pergamino. Marca de fuego: Casa del Noviciado de la Compañía de Jesús de Oaxaca, Oax. Marca de fuego: Convento de Santo Domingo de Oaxaca, Oax. Nota de expurgo: "en virtud de comission del Sto. officio vide este libro y lo halle expurgado segun el expurgatorio de 1707 a 19 de octubre de 1717. Fr. Leonardo Levanto". Daños por polilla. Daños en la encuadernación, tapas desprendidas 
504 |a Al principio de la obra están el índice de las sentencias y cosas notables, índice de las festividades de los santos y las fe de erratas 
650 1 0 |a Hagiografía 
852 |a Universidad Autónoma "Benito Juárez" de Oaxaca, Biblioteca Francisco de Burgoa, Colección antigua 6199 
942 |c BURANT 
943 |g Universidad Autónoma Benito Juárez de Oaxaca. Biblioteca Francisco de Burgoa. Colección antigua 
999 |c 1113621  |d 1113621